00547nam a2200181 a 4500008004100000020001800041050001800059100001600077245007100093250001200164260005200176300001900228350000900247490003000256650002600286650003400312700001900346120125s2007 ||||||||||||||||| || u a9788189975296 aHG 4027.7 Shi aShim, Jae K10aFinancial management. (2nd ed.)cby Jae K. Shim and Joel G. Siegal a2nd ed. aAminjikarai, Chennai:bWestland Books Pvtc2007 av, 359p.: ill. a0.00 aBarron's business library aCORPORATIONS--FINANCE 0aFINANCE--DEVELOPING COUNTRIES aSiegal, Joel G